LEADER 01713nam a2200313 i 4500 001 000000166553 003 CaOOAMICUS 005 20241216113006.0 008 071113s2007 gw u000 u ger u 013 $a143922 020 $a978-3-11-019553-8 040 $aSeMil$bita 100 1 $aHoltz, Gudrun.$0(OLS)http://semarc/name/62730 245 10$aDamit Gott sei alles in allem :$bStudien zum paulinischen und frühjüdischen Universalismus /$cGudrun Holtz. 260 $aBerlin ; New York :$bDe Gruyter,$c2007. 300 $aXI, 650 p. ;$c24 cm. 490 0 $aBeihefte zur Zeitschrift für die neutestamentliche Wissenschaft und die Kunde der älteren Kirche ;$v149 650 4$aPaolo - Escatologia.$0(OLS)http://semarc/subject/9290 650 4$aPaolo - Universalismo.$0(OLS)http://semarc/subject/31659 650 4$aFilone : di Alessandria - Religione - Universalità.$0(OLS)http://semarc/subject/31660 650 4$aRotuli del Mar Morto - Escatologia apocalittica.$0(OLS)http://semarc/subject/31661 830 0$aBeihefte zur Zeitschrift für die neutestamentliche Wissenschaft und die Kunde der älteren Kirche ;$v149.$0(OLS)http://semarc/title/296 850 $aSeMil 852 $aSeMil$W1$xVenegono$y1$m2XA R 149$j253236$B117716$CSeMilBibl$Z2$F128416 $81 961 $aSottoscrizione: De Gruyter 996 $6020$a978-3-11-019553-8$9(OLS)http://semarc/number/153073 996 $6245$aDamit Gott sei alles in allem :$bStudien zum paulinischen und frühjüdischen Universalismus$9(OLS)http://semarc/title/238002 996 $6260$aBerlin ; New York :$bDe Gruyter$9(OLS)http://semarc/publisher/29892 LEADER 00926nam a2200217 4500 001 000000364906 003 CaOOAMICUS 005 20251104110250.0 008 251029s1994 xxu 000 u eng r 040 $aSeMil$bita 245 04$aThe history of Franciscan theology /$cedited by Kenan B. Osborne. 264 1$aSt. Bonaventure, New York :$bThe Franciscan Institute,$c1994. 300 $aIX, 345 p. ;$c23 cm 650 4$aFrancescanesimo.$0(OLS)http://semarc/subject/3586 700 1 $aOsborne, Kenan B.,$c.$0(OLS)http://semarc/name/21450 850 $aSeMil 852 $aSeMil$W1$xVenegono$y1$m2N V 12$j264219$B255739$CSeMilBibl$Z2$F255739 $81 961 $aBrambilla don Paolo - Omaggio 996 $6245$aThe history of Franciscan theology$9(OLS)http://semarc/title/456406 996 $6264$aSt. Bonaventure, New York :$bThe Franciscan Institute$9(OLS)http://semarc/publisher/42604